000
00276nam a22001217a 4500
003
SGT
082
_a
370,JAT
100
_a
JAT,PRAVEEN KUMAR
245
_a
DEAF, DEAFNESS AND AND COMMUNICATION OPTIONS
260
_a
NEW DELHI
_b
RIP PUB
_c
2024
300
_a
190
942
_2
ddc
_c
BK
999
_c
29143
_d
29143